[Event "21st European Teams"]
[Site "Hersonissos GRE"]
[Date "2017.11.06"]
[Round "9.11"]
[Board "3"]
[White "Theodorou, Nikolas"]
[Black "Stocek, Jiri"]
[Result "0-1"]
[WhiteTitle "IM"]
[BlackTitle "GM"]
[WhiteElo "2512"]
[BlackElo "2581"]
[WhiteTeam "Greece 2"]
[BlackTeam "Czech Republic"]
[WhiteFideId "4262875"]
[BlackFideId "304760"]
[EventDate "2017.10.28"]

1. Nf3 Nf6 2. c4 b6 3. g3 Bb7 4. Bg2 g6 5. O-O Bg7 6. d4 e6 7. Nc3 Ne4 8. Nxe4
Bxe4 9. Bg5 Qc8 10. Qd2 d6 11. Rac1 Nd7 12. b4 O-O 13. Rfd1 a5 14. a3 axb4 15.
axb4 Re8 16. Qf4 Bb7 17. c5 bxc5 18. dxc5 dxc5 19. bxc5 Bc6 20. Bh6 e5 21. Qd2
Nf6 22. Bxg7 Kxg7 23. Qb2 Qb8 24. Qc3 Bxf3 25. Bxf3 e4 26. Bg2 Qc8 27. c6 Qf5
28. Rd7 Kg8 29. Bh3 Qg5 30. Rdd1 Qe5 31. Qxe5 Rxe5 32. Rd4 Kf8 33. f4 exf3 34.
exf3 Rd5 35. Rb4 Rd2 36. Bf1 Nd5 37. Re4 Raa2 38. Rh4 Rac2 39. Rxc2 Rxc2 40.
Rxh7 Ne3 41. Bh3 Rxc6 42. Kf2 Nd5 43. Bf1 Rc2+ 44. Ke1 Ne3 45. Bd3 Rb2 46. Rh8+
Ke7 47. h4 c5 48. Rc8 Kd6 49. Re8 Nc2+ 50. Kd1 Nd4 51. Bc4 Rb1+ 52. Kd2 Nxf3+
53. Kc2 Rb7 54. Rd8+ Ke7 55. Rc8 Nd4+ 56. Kd3 Nf5 57. g4 Rd7+ 58. Ke2 Nxh4 59.
Rxc5 Rd4 60. Bb3 Rf4 61. Rc7+ Kf8 62. Bd5 g5 63. Rc4 Ng6 64. Ke3 Ne7 65. Be4
Rxg4 66. Rc5 f6 67. Ra5 Rg3+ 68. Kf2 Rc3 69. Bf3 Kf7 70. Bh5+ Ke6 71. Bf3 Rc2+
72. Ke3 Rc3+ 73. Kf2 Rd3 74. Be2 Rd4 75. Bf3 Ng6 76. Ke3 Rb4 77. Be4 Rb3+ 78.
Kd4 Rb4+ 79. Ke3 Ne7 80. Ra6+ Kf7 81. Ra7 Rb3+ 82. Kd4 Rb4+ 83. Ke3 Rb5 84. Bd3
Re5+ 85. Kf3 f5 86. Bc4+ Kg7 87. Rb7 Re4 88. Bd5 g4+ 89. Kg3 Re5 90. Bc4 Kf6 91.
Kh4 Ng6+ 92. Kh5 Nf4+ 93. Kh6 Ne6 94. Kh5 Re3 95. Bf1 Re1 96. Bg2 Nf4+ 0-1

[Event "21st European Teams"]
[Site "Hersonissos GRE"]
[Date "2017.11.06"]
[Round "9.11"]
[Board "4"]
[White "Plat, Vojtech"]
[Black "Mastrovasilis, Athanasios"]
[Result "1/2-1/2"]
[WhiteTitle "GM"]
[BlackTitle "GM"]
[WhiteElo "2551"]
[BlackElo "2488"]
[WhiteTeam "Czech Republic"]
[BlackTeam "Greece 2"]
[WhiteFideId "325740"]
[BlackFideId "4201990"]
[EventDate "2017.10.28"]

1. e4 e5 2. Nf3 Nc6 3. d4 exd4 4. Nxd4 Nf6 5. Nxc6 bxc6 6. e5 Qe7 7. Qe2 Nd5 8.
c4 Nb6 9. g3 Qe6 10. b3 a5 11. a4 Bb4+ 12. Bd2 O-O 13. Bg2 f6 14. Bxb4 axb4 15.
a5 Re8 16. f4 d5 17. O-O dxc4 18. Nd2 c3 19. axb6 Rxa1 20. Rxa1 cxd2 21. bxc7
Qd7 22. Rd1 Qxc7 23. Qxd2 fxe5 24. Qxb4 exf4 25. Qxf4 Qxf4 26. gxf4 Be6 27. Bxc6
Bxb3 28. Rb1 Rc8 29. Bb7 Ba2 30. Rb2 Rc7 31. Be4 Be6 32. Rb6 Bd7 33. Rb8+ Rc8
34. Bd5+ Kf8 35. Rb7 Be8 36. Ra7 Rc5 37. Be6 Rc6 38. f5 g6 39. Rxh7 gxf5 40.
Rh8+ Ke7 41. Bxf5 Bg6 42. Bg4 Kf6 43. Bf3 Rc1+ 44. Kf2 Rc2+ 45. Kg3 Rc3 46. Rh4
Kg5 47. Rb4 Bh5 48. Rb5+ Kg6 49. Rxh5 Rxf3+ 50. Kxf3 Kxh5 51. Kg3 Kg5 52. h4+
Kh6 53. Kg4 Kg6 54. h5+ Kh7 55. Kg5 Kg7 56. h6+ Kh8 57. Kg6 Kg8 58. h7+ Kh8 59.
Kh6 1/2-1/2

[Event "21st European Teams"]
[Site "Hersonissos GRE"]
[Date "2017.11.06"]
[Round "9.12"]
[Board "1"]
[White "Vocaturo, Daniele"]
[Black "Pelletier, Yannick"]
[Result "1-0"]
[WhiteTitle "GM"]
[BlackTitle "GM"]
[WhiteElo "2607"]
[BlackElo "2540"]
[WhiteTeam "Italy"]
[BlackTeam "Switzerland"]
[WhiteFideId "813192"]
[BlackFideId "1301837"]
[EventDate "2017.10.28"]

1. e4 c6 2. d4 d5 3. exd5 cxd5 4. Bd3 Nc6 5. c3 Nf6 6. Bf4 Bg4 7. Qb3 Qd7 8. Nd2
e6 9. Ngf3 Bxf3 10. Nxf3 Be7 11. Ne5 Qc8 12. O-O O-O 13. Rae1 Nxe5 14. Bxe5 Nd7
15. Qc2 h6 16. Bf4 Re8 17. Re3 Qd8 18. Qe2 Bg5 19. Bxg5 Qxg5 20. f4 Qd8 21. g4
g6 22. Re1 Nf6 23. Rh3 h5 24. gxh5 Nxh5 25. Qg4 Ng7 26. Bxg6 fxg6 27. Qxg6 Re7
28. Re5 Qe8 29. Qh7+ Kf8 30. Rh6 Rf7 31. f5 Qa4 32. Re1 Rxf5 33. Rg6 Rf7 34.
Qh8+ Ke7 35. Qxa8 Qb5 36. Qc8 1-0

[Event "21st European Teams"]
[Site "Hersonissos GRE"]
[Date "2017.11.06"]
[Round "9.12"]
[Board "2"]
[White "Bogner, Sebastian"]
[Black "Brunello, Sabino"]
[Result "1-0"]
[WhiteTitle "GM"]
[BlackTitle "GM"]
[WhiteElo "2599"]
[BlackElo "2555"]
[WhiteTeam "Switzerland"]
[BlackTeam "Italy"]
[WhiteFideId "4692055"]
[BlackFideId "813613"]
[EventDate "2017.10.28"]

1. Nf3 d5 2. d4 Nf6 3. c4 e6 4. Nc3 Be7 5. Bg5 Nbd7 6. e3 O-O 7. Qc2 c5 8. Rd1
h6 9. Bh4 Qa5 10. a3 cxd4 11. Nxd4 dxc4 12. Bxc4 Ne5 13. Ba2 Bd7 14. O-O Rac8
15. Bb1 Ng6 16. Bxf6 Bxf6 17. Qb3 Qh5 18. Qxb7 Bxd4 19. Qxd7 Be5 20. h3 Bxc3 21.
bxc3 Ne5 22. Qxa7 Rxc3 23. Qe7 Nc6 24. Bh7+ Kxh7 25. Qxf8 Ne5 26. Qb4 Rc4 27.
Qb1+ f5 28. f4 Ng6 29. Qb2 Re4 30. Rd7 e5 31. Qb7 1-0

[Event "21st European Teams"]
[Site "Hersonissos GRE"]
[Date "2017.11.06"]
[Round "9.12"]
[Board "3"]
[White "Godena, Michele"]
[Black "Georgiadis, Nico"]
[Result "1/2-1/2"]
[WhiteTitle "GM"]
[BlackTitle "GM"]
[WhiteElo "2489"]
[BlackElo "2516"]
[WhiteTeam "Italy"]
[BlackTeam "Switzerland"]
[WhiteFideId "800090"]
[BlackFideId "1300113"]
[EventDate "2017.10.28"]

1. e4 c5 2. c3 d5 3. exd5 Qxd5 4. d4 g6 5. Nf3 Bg7 6. Na3 cxd4 7. Nb5 Na6 8.
Nbxd4 Nf6 9. Bb5+ Bd7 10. Bxa6 bxa6 11. O-O O-O 12. Re1 Rfe8 13. Ne5 Red8 14.
Qf3 Qxf3 15. Ndxf3 Be8 16. Bg5 h6 17. Bxf6 exf6 18. Nc4 f5 19. Rad1 Bc6 20. Nd4
Ba4 21. Rd2 Rac8 22. Ne5 f4 23. Rde2 Rd5 24. h4 Bf6 25. Re4 Bb5 26. Ndf3 Bxe5
27. Nxe5 Rd2 28. a4 Bd7 29. Nxd7 Rxd7 30. Rxf4 Rb7 31. Re2 a5 32. h5 g5 33. Rf5
Rcb8 34. Rxa5 Rxb2 35. Rxb2 Rxb2 36. Rxa7 Ra2 37. Ra5 Ra1+ 38. Kh2 Ra2 39. f3
Kg7 40. c4 Rc2 41. Rc5 Ra2 42. a5 Ra4 43. Kg3 Kf6 44. Rc6+ Kf5 45. Rxh6 f6 46.
Rh7 Rxa5 47. Rg7 Rc5 48. Kh3 Rxc4 49. g4+ Kf4 50. Rf7 Rc6 51. h6 Kxf3 52. h7 Rc1
53. Rxf6+ Ke4 54. Kg2 Rc2+ 55. Rf2 Rc8 56. Kg3 Rc3+ 57. Kg2 Rc8 58. Rf3 Rh8 59.
Rf7 Ke5 60. Kf3 Ke6 61. Ra7 Kf6 62. Ke4 Kg6 63. Re7 Rxh7 64. Rxh7 Kxh7 65. Kf5
Kh6 66. Kf6 Kh7 67. Kxg5 Kg7 68. Kf5 Kf7 69. g5 Kg7 70. g6 Kg8 71. Kf6 Kf8 72.
g7+ Kg8 73. Kg6 1/2-1/2

[Event "21st European Teams"]
[Site "Hersonissos GRE"]
[Date "2017.11.06"]
[Round "9.12"]
[Board "4"]
[White "Jenni, Florian"]
[Black "Moroni, Luca Jr"]
[Result "0-1"]
[WhiteTitle "GM"]
[BlackTitle "GM"]
[WhiteElo "2466"]
[BlackElo "2506"]
[WhiteTeam "Switzerland"]
[BlackTeam "Italy"]
[WhiteFideId "1304232"]
[BlackFideId "865834"]
[EventDate "2017.10.28"]

1. e4 e6 2. d4 d5 3. Nc3 Nf6 4. Bg5 Be7 5. e5 Nfd7 6. Bxe7 Qxe7 7. f4 a6 8. Nf3
c5 9. dxc5 Nc6 10. Qd2 Nxc5 11. g3 b5 12. Bg2 b4 13. Ne2 a5 14. Nfd4 Nxd4 15.
Nxd4 Ba6 16. f5 Rc8 17. Qf4 g6 18. fxg6 hxg6 19. Qe3 Rh5 20. O-O-O Qg5 21. Qxg5
Rxg5 22. Nf3 Rf5 23. Rd2 b3 24. axb3 Nxb3+ 25. Kd1 Nxd2 26. Kxd2 Rc4 27. Re1 g5
28. g4 Rff4 29. Ra1 Rce4 30. Rxa5 Re2+ 0-1

[Event "21st European Teams"]
[Site "Hersonissos GRE"]
[Date "2017.11.06"]
[Round "9.13"]
[Board "1"]
[White "Nyback, Tomi"]
[Black "Jobava, Baadur"]
[Result "1-0"]
[WhiteTitle "GM"]
[BlackTitle "GM"]
[WhiteElo "2572"]
[BlackElo "2705"]
[WhiteTeam "Finland"]
[BlackTeam "Georgia"]
[WhiteFideId "503142"]
[BlackFideId "13601520"]
[EventDate "2017.10.28"]

1. d4 Nf6 2. c4 c6 3. Nf3 d5 4. e3 g6 5. Nc3 Bg7 6. Be2 Nbd7 7. cxd5 Nxd5 8. e4
Nc7 9. O-O O-O 10. Re1 Nb6 11. a4 a5 12. Be3 Na6 13. h3 Kh8 14. Qd2 Nb4 15. Na2
Nxa2 16. Rxa2 f5 17. Bh6 fxe4 18. Bxg7+ Kxg7 19. Ne5 Be6 20. Ra3 Qd6 21. Bd1 Qb4
22. Qxb4 axb4 23. Ra1 Rfd8 24. Rxe4 Bf5 25. Rf4 Nd5 26. Rf3 Nf6 27. Rf4 e6 28.
Bb3 g5 29. Rf3 Rxd4 30. Re3 h6 31. Nf3 Re4 32. Rae1 c5 33. g4 Rxe3 34. Rxe3 Be4
35. Nd2 Bd5 36. Bxd5 exd5 37. Re7+ Kf8 38. Rxb7 Rxa4 39. Nb3 Ne4 40. f3 Ra1+ 41.
Nxa1 1-0

[Event "21st European Teams"]
[Site "Hersonissos GRE"]
[Date "2017.11.06"]
[Round "9.13"]
[Board "2"]
[White "Mchedlishvili, Mikheil"]
[Black "Karttunen, Mika"]
[Result "1-0"]
[WhiteTitle "GM"]
[BlackTitle "IM"]
[WhiteElo "2604"]
[BlackElo "2465"]
[WhiteTeam "Georgia"]
[BlackTeam "Finland"]
[WhiteFideId "13600966"]
[BlackFideId "502081"]
[EventDate "2017.10.28"]

1. d4 e6 2. c4 f5 3. g3 Nf6 4. Bg2 d5 5. Nh3 c6 6. O-O Bd6 7. Nd2 O-O 8. Qc2
Nbd7 9. cxd5 cxd5 10. Nf3 Nb8 11. Bf4 Nc6 12. Bxd6 Qxd6 13. Nf4 Bd7 14. Rfc1 Ne4
15. e3 Rac8 16. Qd1 Rc7 17. Ne1 Nf6 18. Ned3 b6 19. Rc2 Rfc8 20. Rac1 Be8 21. h4
g6 22. Rc3 Nd8 23. Qb3 Rxc3 24. Rxc3 Rxc3 25. bxc3 Nc6 26. Qc2 Na5 27. Ne5 Nc6
28. Nf3 Bd7 29. c4 Kg7 30. Nd3 Nb4 31. Nxb4 Qxb4 32. cxd5 Nxd5 33. Ne5 Qd6 34.
Bxd5 exd5 35. Kg2 Kf6 36. h5 g5 37. g4 Be6 38. h6 b5 39. f4 Qb6 40. Qf2 fxg4 41.
fxg5+ Kxg5 42. Qf4+ Kh5 43. Qh2+ Kg5 44. Kg3 Qc7 45. Qh4+ Kf5 46. Qxg4+ Kf6 47.
Qh4+ Kf5 48. Qf4# 1-0

[Event "21st European Teams"]
[Site "Hersonissos GRE"]
[Date "2017.11.06"]
[Round "9.13"]
[Board "3"]
[White "Sipila, Vilka"]
[Black "Jojua, Davit"]
[Result "0-1"]
[WhiteTitle "IM"]
[BlackTitle "GM"]
[WhiteElo "2363"]
[BlackElo "2591"]
[WhiteTeam "Finland"]
[BlackTeam "Georgia"]
[WhiteFideId "505455"]
[BlackFideId "13602543"]
[EventDate "2017.10.28"]

1. c4 g6 2. Nc3 Bg7 3. Nf3 c5 4. g3 Nc6 5. Bg2 e6 6. O-O Nge7 7. b3 O-O 8. Bb2
d6 9. e3 e5 10. d3 h6 11. Qd2 f5 12. d4 g5 13. Rfd1 e4 14. Ne1 cxd4 15. exd4 Kh7
16. Nc2 Ng6 17. Ne2 Nce7 18. Rf1 d5 19. f3 exf3 20. Rxf3 Be6 21. Rc3 Rc8 22.
cxd5 Bxd5 23. Rxc8 Qxc8 24. Ne3 Bxg2 25. Nxg2 Nd5 26. Rf1 f4 27. gxf4 gxf4 28.
Nexf4 Ndxf4 29. Nxf4 Qf5 30. Bc1 Qe4 31. Ne2 Nh4 32. Rf2 Rxf2 33. Kxf2 Qg2+ 34.
Ke3 Qf3# 0-1

[Event "21st European Teams"]
[Site "Hersonissos GRE"]
[Date "2017.11.06"]
[Round "9.13"]
[Board "4"]
[White "Paichadze, Luka"]
[Black "Niemi, Kalle"]
[Result "1/2-1/2"]
[WhiteTitle "GM"]
[BlackTitle "FM"]
[WhiteElo "2580"]
[BlackElo "2324"]
[WhiteTeam "Georgia"]
[BlackTeam "Finland"]
[WhiteFideId "13602934"]
[BlackFideId "504378"]
[EventDate "2017.10.28"]

1. e4 c6 2. d4 d5 3. f3 e6 4. Bd3 c5 5. exd5 exd5 6. Qe2+ Be7 7. dxc5 Nf6 8. Qf2
Qa5+ 9. Bd2 Qxc5 10. Qxc5 Bxc5 11. Nc3 O-O 12. O-O-O h6 13. g4 Be6 14. h4 Nfd7
15. g5 h5 16. f4 Bg4 17. Re1 Nb6 18. a3 Nc6 19. b4 Bd6 20. Nb5 Bb8 21. Ne2 Nc4
22. Rhf1 a6 23. Nbc3 Rd8 24. Bxc4 dxc4 25. Be3 b5 26. Bc5 Bc7 27. Nd1 a5 28.
Ndc3 axb4 29. axb4 Ra1+ 30. Nb1 Bd6 1/2-1/2

[Event "21st European Teams"]
[Site "Hersonissos GRE"]
[Date "2017.11.06"]
[Round "9.14"]
[Board "1"]
[White "Hristodoulou, Panagiotis"]
[Black "Tari, Aryan"]
[Result "0-1"]
[WhiteTitle "FM"]
[BlackTitle "GM"]
[WhiteElo "2318"]
[BlackElo "2578"]
[WhiteTeam "Greece - Crete"]
[BlackTeam "Norway"]
[WhiteFideId "4214340"]
[BlackFideId "1510045"]
[EventDate "2017.10.28"]

1. e4 c5 2. Nf3 e6 3. d4 cxd4 4. Nxd4 a6 5. Nc3 d6 6. g4 b5 7. Bg2 Bb7 8. Be3
Ne7 9. f4 Nec6 10. O-O Nxd4 11. Qxd4 Nc6 12. Qd2 Be7 13. Rae1 Rc8 14. g5 O-O 15.
h4 Qd7 16. h5 Rfe8 17. Bh3 Na5 18. Nd5 Nc4 19. Qg2 Nxe3 20. Rxe3 Qd8 21. Nxe7+
Qxe7 22. f5 exf5 23. Bxf5 Rc5 24. g6 fxg6 25. hxg6 h6 26. Qg4 Rxc2 27. Ref3 Bc8
28. Bxc8 Rexc8 29. R1f2 R2c5 30. Kf1 h5 31. Rf7 Qe5 32. Qh4 Qe6 33. Rf8+ Rxf8
34. Rxf8+ Kxf8 35. Qd8+ Qe8 36. Qxd6+ Kg8 37. Qxc5 Qf8+ 38. Qf2 Qf6 39. Ke1
Qxf2+ 40. Kxf2 Kf8 0-1

[Event "21st European Teams"]
[Site "Hersonissos GRE"]
[Date "2017.11.06"]
[Round "9.14"]
[Board "2"]
[White "Hammer, Jon Ludvig"]
[Black "Naoum, Spyridon"]
[Result "1/2-1/2"]
[WhiteTitle "GM"]
[WhiteElo "2632"]
[BlackElo "2295"]
[WhiteTeam "Norway"]
[BlackTeam "Greece - Crete"]
[WhiteFideId "1503707"]
[BlackFideId "4227506"]
[EventDate "2017.10.28"]

1. c4 Nf6 2. Nf3 g6 3. g3 Bg7 4. Bg2 O-O 5. O-O d6 6. d4 Nc6 7. Nc3 a6 8. e4 Rb8
9. d5 Na5 10. c5 Bg4 11. Qa4 Bxf3 12. Bxf3 c6 13. cxd6 exd6 14. dxc6 bxc6 15.
Rd1 Re8 16. Bf4 Rxb2 17. Rab1 Rxb1 18. Nxb1 Qb6 19. Bxd6 Qb5 20. Qc2 Qc4 21.
Qxc4 Nxc4 22. Bc5 g5 23. Nc3 Nd7 24. Na4 Nxc5 25. Nxc5 Bf8 26. Nxa6 Ra8 27. Be2
Nd6 28. e5 Nb5 29. Bxb5 cxb5 30. Nc7 Rxa2 31. Nxb5 Bc5 32. Nd4 Kg7 33. Kf1 Kg6
34. Ne2 Ba7 35. g4 Kg7 36. Rd7 Ra1+ 37. Kg2 Ra2 38. Ng3 Rxf2+ 39. Kh3 Bb8 40.
Nf5+ Rxf5 41. gxf5 Bxe5 42. Kg4 Bxh2 43. Kxg5 h6+ 44. Kg4 Kf6 45. Rd2 Be5 46.
Rf2 Bd4 47. Rf3 Bb2 48. Rh3 Bc1 49. Rc3 Bd2 50. Rc2 Bg5 51. Rc6+ Ke5 52. Rc5+
Kf6 53. Kf3 Bd2 54. Ke4 Bb4 55. Rb5 Bc3 56. Rb3 Bd2 57. Rb2 Bg5 58. Rb6+ Kg7 59.
Ke5 Bd2 60. Rb3 Be1 61. Rh3 Bd2 62. Rg3+ Bg5 63. Rg2 Kh7 64. Rc2 Kg7 65. Rc6 Bh4
66. Kd6 Kf6 67. Kd7+ Kxf5 68. Rxh6 Bg5 69. Rh1 Kg6 70. Rg1 Kf5 71. Ke8 f6 72.
Kf7 Bf4 73. Rf1 Ke5 74. Kg6 Bg5 75. Re1+ Kf4 76. Rb1 Ke5 77. Rb4 Be3 78. Rb5+
Ke6 79. Rb8 Bd4 80. Re8+ Kd7 81. Kf7 Kd6 82. Re2 Kd5 83. Kg6 Be5 84. Kf5 Kd4 85.
Rd2+ Kc3 86. Rd8 Kc4 87. Ke4 Kc5 88. Rd5+ Kc6 89. Rxe5 fxe5 90. Kxe5 1/2-1/2

[Event "21st European Teams"]
[Site "Hersonissos GRE"]
[Date "2017.11.06"]
[Round "9.14"]
[Board "3"]
[White "Anagnostopoulos, Konstantinos"]
[Black "Salomon, Johan"]
[Result "1/2-1/2"]
[BlackTitle "GM"]
[WhiteElo "2290"]
[BlackElo "2477"]
[WhiteTeam "Greece - Crete"]
[BlackTeam "Norway"]
[WhiteFideId "4251067"]
[BlackFideId "1509500"]
[EventDate "2017.10.28"]

1. c4 e5 2. g3 c6 3. Nf3 e4 4. Nd4 d5 5. cxd5 Qxd5 6. e3 Bc5 7. Nc3 Qe5 8. Bg2
Nf6 9. O-O O-O 10. d3 exd3 11. Qxd3 Na6 12. a3 Bb6 13. b4 Rd8 14. Bb2 Bxd4 15.
exd4 Qh5 16. b5 Nc7 17. bxc6 bxc6 18. Qe2 Qxe2 19. Nxe2 Ba6 20. Rfe1 Rab8 21.
Bc3 Ncd5 22. Ba5 Re8 23. Nc3 Nxc3 24. Rxe8+ Rxe8 25. Bxc3 Nd5 26. Re1 Rxe1+ 27.
Bxe1 Bc4 28. Bxd5 cxd5 29. Bb4 g6 30. Bc5 1/2-1/2

[Event "21st European Teams"]
[Site "Hersonissos GRE"]
[Date "2017.11.06"]
[Round "9.14"]
[Board "4"]
[White "Christiansen, Johan-Sebastian"]
[Black "Papadopoulos, Argirios"]
[Result "1-0"]
[WhiteTitle "IM"]
[BlackTitle "FM"]
[WhiteElo "2462"]
[BlackElo "2182"]
[WhiteTeam "Norway"]
[BlackTeam "Greece - Crete"]
[WhiteFideId "1512668"]
[BlackFideId "4241509"]
[EventDate "2017.10.28"]

1. e4 e5 2. Nf3 Nc6 3. d4 exd4 4. Nxd4 Bc5 5. Be3 Qf6 6. c3 Nge7 7. Bb5 O-O 8.
O-O a6 9. Ba4 b5 10. Bc2 Bb7 11. Qh5 Qe5 12. Qd1 Rad8 13. f4 Qf6 14. a3 Qh6 15.
Qe2 f5 16. Nxf5 Bxe3+ 17. Qxe3 Nxf5 18. exf5 Rde8 19. Qd3 Rf6 20. Qxd7 Re2 21.
Bb3+ Kh8 22. Qxc7 Re7 23. Qb6 Rxf5 24. Nd2 g6 25. Rae1 Rxe1 26. Rxe1 Qxf4 27.
Nf3 Qb8 28. Re7 Qf8 29. Rxb7 Qh6 30. Qf2 Qc1+ 31. Qe1 Qf4 32. Qd2 Qg4 33. Be6 1-0

[Event "21st European Teams"]
[Site "Hersonissos GRE"]
[Date "2017.11.06"]
[Round "9.15"]
[Board "1"]
[White "Ragger, Markus"]
[Black "Rasmussen, Allan Stig"]
[Result "1-0"]
[WhiteTitle "GM"]
[BlackTitle "GM"]
[WhiteElo "2659"]
[BlackElo "2542"]
[WhiteTeam "Austria"]
[BlackTeam "Denmark"]
[WhiteFideId "1610856"]
[BlackFideId "1406000"]
[EventDate "2017.10.28"]

1. e4 c5 2. Nf3 e6 3. d4 cxd4 4. Nxd4 Nc6 5. Nc3 Qc7 6. Be3 a6 7. Qf3 Nf6 8.
O-O-O h5 9. Nxc6 dxc6 10. h3 b5 11. e5 Nd5 12. Bf4 Qa5 13. Bd3 b4 14. Nxd5 cxd5
15. Kb1 Bd7 16. g4 hxg4 17. hxg4 Rxh1 18. Rxh1 Bb5 19. Bd2 Bxd3 20. Qxd3 Qc5 21.
f4 Qc4 22. Rh8 O-O-O 23. a3 a5 24. Be3 Kc7 25. axb4 axb4 26. Qd4 Qxd4 27. Bxd4
Kc6 28. Ka2 Be7 29. Rh7 Rg8 30. Kb3 Bc5 31. c3 bxc3 32. Kxc3 Be7 33. f5 Kd7 34.
f6 gxf6 35. exf6 Bd6 36. Rxf7+ Ke8 37. Rg7 Rh8 38. g5 e5 39. Bb6 Rh3+ 40. Kc2
Rf3 41. Rg8+ Kf7 42. Rd8 Bb4 43. Rxd5 Ke6 44. Rd3 e4 45. Rxf3 exf3 46. Kd3 Kf5
47. Be3 Bd6 48. Bd2 1-0

[Event "21st European Teams"]
[Site "Hersonissos GRE"]
[Date "2017.11.06"]
[Round "9.15"]
[Board "2"]
[White "Thybo, Jesper Sondergaard"]
[Black "Shengelia, David"]
[Result "1/2-1/2"]
[WhiteTitle "IM"]
[BlackTitle "GM"]
[WhiteElo "2479"]
[BlackElo "2556"]
[WhiteTeam "Denmark"]
[BlackTeam "Austria"]
[WhiteFideId "1438832"]
[BlackFideId "13601270"]
[EventDate "2017.10.28"]

1. d4 Nf6 2. c4 e6 3. Nc3 Bb4 4. Qc2 d5 5. cxd5 exd5 6. Bg5 h6 7. Bxf6 Qxf6 8.
a3 Bxc3+ 9. Qxc3 c6 10. e3 O-O 11. Nf3 Re8 12. Be2 Bg4 13. O-O Nd7 14. b4 Rac8
15. h3 Bh5 16. Rfc1 Nb6 17. a4 a6 18. Qe1 Nc4 19. Bxc4 Bxf3 20. Bf1 Qg5 21. b5
Re6 22. bxa6 bxa6 23. g3 Rce8 24. Bg2 Qf5 25. Bxf3 Qxf3 26. Qd1 Rxe3 27. Qxf3
Rxf3 28. Rxc6 Re2 29. Rf1 Rd3 30. Rxa6 Rxd4 31. Ra7 Rdd2 32. a5 Ra2 33. a6 Red2
34. Ra8+ Kh7 35. a7 h5 36. Rb1 f6 37. Rb5 Rxf2 38. Ra5 Rg2+ 39. Kf1 Rgf2+ 40.
Kg1 Rg2+ 41. Kf1 Kg6 42. Rxa2 Rxa2 43. Rd8 Rxa7 44. Rxd5 h4 45. g4 Ra3 46. Kg2
Kf7 47. Rd7+ Kg8 48. Rd5 Rg3+ 49. Kh2 Re3 50. g5 Re2+ 51. Kh1 Re5 52. Rd8+ Kf7
53. gxf6 gxf6 54. Rd4 Rh5 55. Kg2 Kg6 56. Kf3 Kg5 57. Rg4+ Kf5 58. Rf4+ Ke6 59.
Re4+ Kf7 60. Ra4 Rh8 61. Kg4 Kg6 62. Ra6 Rh7 63. Rb6 Rh6 64. Ra6 Kf7 65. Kf5
Rh5+ 66. Kg4 Rg5+ 67. Kxh4 Rg1 68. Ra3 Kg6 1/2-1/2

[Event "21st European Teams"]
[Site "Hersonissos GRE"]
[Date "2017.11.06"]
[Round "9.15"]
[Board "3"]
[White "Dragnev, Valentin"]
[Black "Ochsner, Bjorn Moller"]
[Result "1/2-1/2"]
[WhiteTitle "IM"]
[BlackTitle "IM"]
[WhiteElo "2466"]
[BlackElo "2458"]
[WhiteTeam "Austria"]
[BlackTeam "Denmark"]
[WhiteFideId "1634852"]
[BlackFideId "1416928"]
[EventDate "2017.10.28"]

1. e4 c5 2. Nf3 d6 3. Bb5+ Bd7 4. Bxd7+ Nxd7 5. O-O Ngf6 6. Qe2 e6 7. c3 Be7 8.
d4 O-O 9. Rd1 d5 10. exd5 exd5 11. Bg5 Re8 12. Qc2 h6 13. Bxf6 Bxf6 14. dxc5
Nxc5 15. Na3 Rc8 16. Rab1 Qd7 17. Nc4 Qc6 18. Ne3 Rcd8 19. h3 Re4 20. Rd2 Re6
21. Rbd1 Red6 22. Re2 Ne6 23. Ng4 Nf4 24. Red2 h5 25. Nge5 Qa6 26. Qf5 Ne2+ 27.
Kh2 g6 28. Qd3 Nf4 29. Qxa6 Rxa6 30. a3 Rb6 31. c4 Re6 32. Nd3 Nxd3 33. Rxd3 Re2
34. Rxd5 Rxd5 35. cxd5 Rxb2 36. d6 Kf8 37. d7 Bd8 38. Re1 Be7 39. h4 Rb6 40. Ng5
Rd6 41. Nh7+ Kg7 42. Rxe7 Kxh7 43. Rxf7+ Kh6 44. f3 b5 45. g4 hxg4 46. fxg4 Rd2+
47. Kg3 g5 48. h5 a5 49. Kf3 b4 50. axb4 axb4 51. Ke4 b3 52. Kf5 b2 53. Rf6+ Kg7
54. Rb6 Rxd7 55. Kxg5 Rd5+ 56. Kh4 Rd2 57. Rb7+ Kf6 58. Rb6+ Kf7 59. h6 Rd6 60.
Rb7+ Kg6 61. h7 Rd8 62. Rxb2 Kxh7 63. Kh5 Kg8 64. g5 Rc8 65. Kh6 Rc6+ 66. g6 Rc8
67. Rb7 Ra8 1/2-1/2

[Event "21st European Teams"]
[Site "Hersonissos GRE"]
[Date "2017.11.06"]
[Round "9.15"]
[Board "4"]
[White "Percivaldi, Martin"]
[Black "Diermair, Andreas"]
[Result "1/2-1/2"]
[WhiteTitle "IM"]
[BlackTitle "IM"]
[WhiteElo "2388"]
[BlackElo "2488"]
[WhiteTeam "Denmark"]
[BlackTeam "Austria"]
[WhiteFideId "1508148"]
[BlackFideId "1612468"]
[EventDate "2017.10.28"]

1. d4 Nf6 2. c4 e6 3. Nf3 d5 4. g3 Be7 5. Bg2 O-O 6. O-O dxc4 7. Qc2 b6 8. Bg5
Nd5 9. Bxe7 Qxe7 10. Nbd2 Bb7 11. Nxc4 Nd7 12. a3 N5f6 13. b4 Rfc8 14. Rfc1 Be4
15. Qb2 Bd5 16. b5 a6 17. a4 axb5 18. axb5 Rxa1 19. Qxa1 Qb4 20. Qb2 c5 21. Nfd2
Qxb2 22. Nxb2 Kf8 23. Na4 Ra8 24. dxc5 Rxa4 25. c6 Bxg2 26. Kxg2 Ra8 27. cxd7
Nxd7 28. Rc7 Ne5 29. Rb7 Ra2 30. Nf3 Rxe2 31. Nxe5 Rxe5 32. Rxb6 g5 33. g4 1/2-1/2

[Event "21st European Teams"]
[Site "Hersonissos GRE"]
[Date "2017.11.06"]
[Round "9.16"]
[Board "1"]
[White "Pancevski, Filip"]
[Black "Ferreira, Jorge Viterbo"]
[Result "1-0"]
[WhiteTitle "IM"]
[BlackTitle "IM"]
[WhiteElo "2489"]
[BlackElo "2499"]
[WhiteTeam "FYROM"]
[BlackTeam "Portugal"]
[WhiteFideId "15002187"]
[BlackFideId "1910850"]
[EventDate "2017.10.28"]

1. g3 d5 2. Bg2 Nf6 3. Nf3 e6 4. O-O Be7 5. b3 O-O 6. Bb2 c5 7. c4 Nc6 8. cxd5
Nxd5 9. Nc3 Bf6 10. Qc2 Ndb4 11. Qb1 Nd4 12. Nxd4 cxd4 13. Ne4 Be7 14. a3 Na6
15. d3 e5 16. Nd2 Nc5 17. Rc1 Bg4 18. b4 Na4 19. Bxb7 Bg5 20. Qc2 Rb8 21. Bf3
Bxf3 22. exf3 Bxd2 23. Qxd2 Qd5 24. Kg2 Rfc8 25. Rxc8+ Rxc8 26. Rc1 Rxc1 27.
Qxc1 g6 28. Qc8+ Kg7 29. Bc1 h5 30. Bg5 e4 31. Bh6+ Kxh6 32. Qh8+ Kg5 33. dxe4 1-0